• 首页
  • 本馆介绍
  • 公告通知
  • 最新文献
  • 馆藏检索
  • 电子资源
  • 读者导购
  • 参考咨询
  • 我的图书馆
  • 登录
  • 详细信息显示
  • 放入我的书架
  • 预约/预借图书
  • 作者相关作品
  • 分类相关作品
  • 丛书相关作品
  • 出版社相关作品

书目信息

  • 表格格式
  • 工作单格式
  • 卡片格式
题名:
诗意地行走
    
 
作者: 杨波 著
分册:  
出版信息: 武汉   武汉出版社  2015
页数: 146页
开本: 24cm
丛书名:
单 册:
中图分类: G633.302 , I217.2
科图分类:
主题词: 中学语文课--教学研究--文集 , 中国文学--当代文学--作品综合集
电子资源:
ISBN: 978-7-5430-9142-9
000 01477nam0 2200277 450
001 012015000145
005 20151210162301.40
010    @a978-7-5430-9142-9@dCNY38.00
100    @a20151101d2015 em y0chiy50 ea
101 0  @achi
102    @aCN@b420000
105    @ay z 000zy
106    @ar
200 1  @a诗意地行走@Ashi yi di xing zou@e杨波教育教学随笔集@f杨波著
210    @a武汉@c武汉出版社@d2015
215    @a146页@d24cm
314    @a杨波男,中文本科学历,中学高级语文教师,山东省中语会会员,日照市作协会员,现为日照市新营中学语文教师、校长助理。先后被授予全国教改新星提名奖、山东省优秀教师、山东省中学语文优秀教师、山东省骨干教师、日照市初中语文学科带头人、日照市教学能手、日照市优秀班主任、日照市教科研先进个人等荣誉称号,主持“初中以学为主教学实验”“文学教育与个性化阅读”等国家、省级课题获省级成果奖,在《山东教育》《现代教育导报》《少年天地》等报刊上发表论文二十多篇。
330    @a本书主要分两部分:上编“我思故我在”,内容主要是作者对语文教学的认识、对经典课文的解读、对学校管理经验的总结、对班级管理的具体做法以及一些教育叙事;下编“我歌故我在”,内容主要是一些散文、诗歌和小说,包括对故乡的眷恋,校园生活写真,生活中一些景、人、事的拾遗。
517 1  @a杨波教育教学随笔集@Ayang bo jiao yu jiao xue sui bi ji
606 0  @a中学语文课@x教学研究@j文集
606 0  @a中国文学@z当代文学@x作品综合集
690    @aG633.302@v5
690    @aI217.2@v5
701  0 @a杨波@Ayang bo@4著
801  0 @aCN@b碧洲教育@c20151129
905    @a10447@f3@dG633.302@e598
    
    诗意地行走:杨波教育教学随笔集/杨波著.-武汉:武汉出版社,2015
    146页;24cm
    
    
    ISBN 978-7-5430-9142-9:CNY38.00
    本书主要分两部分:上编“我思故我在”,内容主要是作者对语文教学的认识、对经典课文的解读、对学校管理经验的总结、对班级管理的具体做法以及一些教育叙事;下编“我歌故我在”,内容主要是一些散文、诗歌和小说,包括对故乡的眷恋,校园生活写真,生活中一些景、人、事的拾遗。
●
相关链接 在E读中查询图书 在五车中查询图书 在当当中查询图书 在豆瓣中查询图书


正题名:诗意地行走     索取号:G633.302/598         预约/预借

序号 登录号 条形码 馆藏地/架位号 状态 备注
1 0872014   208720142   第一样本阅览室/ [索取号:G633.302/598] 在馆    
2 0872015   208720151   教育系资料室/ [索取号:G633.302/598] 在馆    
3 0872016   208720160   教育系资料室/ [索取号:G633.302/598] 在馆    
唐山师范学院图书馆 欢迎您!
大连网信软件有限公司© 版权所有